000 00470nam a2200181Ia 4500
005 20250326143948.0
008 250326s9999 xx 000 0 und d
037 _aTextbook
040 _aFMSL
_beng
_cFMSL
041 _aeng
_2eng
084 _aS K7
_qFMSL
100 _aGilmer B Von H
_9736151
245 0 _aApplied psychology
_cGilmer B Von H
260 _aNY
_bNY, McGraw-Hill
_c1967
300 _a479p
942 _cTB
_hS K7
999 _c1301789
_d1301789